| 000 | 00902 a2200193 4500 | ||
|---|---|---|---|
| 003 | Nust | ||
| 005 | 20170207154318.0 | ||
| 010 | _a 2008930932 | ||
| 020 | _a9780387779935 (hardcover : alk. paper) | ||
| 040 | _cNust | ||
| 082 | _a005.82 | ||
| 100 | 1 | _aHoffstein, Jeffrey. | |
| 245 | 1 | 3 |
_aAn introduction to mathematical cryptography /(E BOOK) _cJeffrey Hoffstein, Jill Pipher, J.H. Silverman. |
| 250 | _a1st ed. | ||
| 260 |
_aNew York : _bSpringer, _c2008. |
||
| 300 | _ap. cm. | ||
| 490 | 0 |
_aUndergraduate texts in mathematics ; _v666 |
|
| 505 | _a An Introduction to Cryptography (Page-1) Discrete Logarithms and Diffie–Hellman (Page- 59 )Integer Factorization and RSA (Page-113) Combinatorics, Probability, and Information Theory (Page-189) Elliptic Curves and Cryptography (Page-279) Lattices and Cryptography (Page-349 )Digital Signatures (page-437) Additional Topics in Cryptography (Page-465 ) | ||
| 942 |
_2ddc _cBK |
||
| 999 |
_c196642 _d196642 |
||